[Event "DEM U16w 2024"]
[Site "Willingen GER"]
[Date "2024.05.25"]
[Round "9"]
[White "Reddi, Bhuvana"]
[Black "Jacobasch, Ronja"]
[Result "1-0"]
[Termination "normal"]
[Board "7"]
[WhiteElo "1826"]
[BlackElo "1813"]
[WhiteClock "00:08:21"]
[BlackClock "00:04:26"]
[PlyCount "41"]
[WhiteFideId "16287002"]
[BlackFideId "34604340"]
[EventCountry "GER"]
[EventRounds "9"]
[EventType "swiss"]
[EventDate "2024.05.18"]

1. e4 {[%clk 01:30:56]} {[%emt 00:00:03]} e6 {[%clk 01:30:55]} {[%emt
00:00:06]} 2. d4 {[%clk 01:31:14]} {[%emt 00:00:11]} d5 {[%clk 01:31:18]}
{[%emt 00:00:07]} 3. exd5 {[%clk 01:30:47]} {[%emt 00:00:57]} exd5 {[%clk
01:31:38]} {[%emt 00:00:10]} 4. Nf3 {[%clk 01:30:58]} {[%emt 00:00:19]} Nc6
{[%clk 01:30:56]} {[%emt 00:01:12]} 5. Nc3 {[%clk 01:30:46]} {[%emt 00:00:41]}
Nf6 {[%clk 01:30:56]} {[%emt 00:00:31]} 6. Bg5 {[%clk 01:30:08]} {[%emt
00:01:08]} Be7 {[%clk 01:29:38]} {[%emt 00:01:48]} 7. h3 {[%clk 01:26:54]}
{[%emt 00:03:44]} h6 {[%clk 01:25:30]} {[%emt 00:04:37]} 8. Bf4 {[%clk
01:26:49]} {[%emt 00:00:35]} Bd6 {[%clk 01:20:16]} {[%emt 00:05:45]} 9. Qd2
{[%clk 01:24:44]} {[%emt 00:02:34]} Qe7+ {[%clk 01:14:58]} {[%emt 00:05:49]}
10. Be2 {[%clk 01:21:09]} {[%emt 00:04:05]} Bf5 {[%clk 01:11:13]} {[%emt
00:04:15]} 11. Bxd6 {[%clk 01:19:54]} {[%emt 00:01:45]} Qxd6 {[%clk 01:09:17]}
{[%emt 00:02:26]} 12. Nb5 {[%clk 01:19:24]} {[%emt 00:00:59]} Qe7 {[%clk
01:07:17]} {[%emt 00:02:30]} 13. Qf4 {[%clk 01:17:55]} {[%emt 00:01:57]} O-O
{[%clk 00:32:02]} {[%emt 00:35:48]} 14. Qxf5 {[%clk 01:05:58]} {[%emt
00:12:26]} Rae8 {[%clk 00:29:51]} {[%emt 00:02:41]} 15. Nc3 {[%clk 00:49:25]}
{[%emt 00:17:04]} Ne4 {[%clk 00:25:19]} {[%emt 00:05:02]} 16. Nxd5 {[%clk
00:46:23]} {[%emt 00:03:31]} Qd6 {[%clk 00:21:44]} {[%emt 00:04:05]} 17. c4
{[%clk 00:36:21]} {[%emt 00:10:32]} Ng5 {[%clk 00:08:43]} {[%emt 00:13:31]} 18.
Rd1 {[%clk 00:21:21]} {[%emt 00:15:30]} Re6 {[%clk 00:05:01]} {[%emt 00:04:12]}
19. Nxg5 {[%clk 00:09:59]} {[%emt 00:11:52]} hxg5 {[%clk 00:05:16]} {[%emt
00:00:15]} 20. Qd3 {[%clk 00:09:17]} {[%emt 00:01:13]} Rfe8 {[%clk 00:04:26]}
{[%emt 00:01:20]} 21. Rd2 {[%clk 00:08:21]} {[%emt 00:01:25]} 1-0

[Event "DEM U16w 2024"]
[Site "Willingen GER"]
[Date "2024.05.25"]
[Round "9"]
[White "Moldovan, Stela"]
[Black "Reich, Elisabeth"]
[Result "0-1"]
[Termination "normal"]
[Board "8"]
[WhiteElo "1755"]
[BlackElo "1799"]
[WhiteClock "00:57:15"]
[BlackClock "01:06:26"]
[PlyCount "54"]
[WhiteFideId "16287380"]
[BlackFideId "16239776"]
[EventCountry "GER"]
[EventRounds "9"]
[EventType "swiss"]
[EventDate "2024.05.18"]

1. f4 {[%clk 01:30:52]} {[%emt 00:00:07]} f5 {[%clk 01:30:56]} {[%emt
00:00:04]} 2. Nf3 {[%clk 01:27:01]} {[%emt 00:04:21]} Nf6 {[%clk 01:31:17]}
{[%emt 00:00:09]} 3. e3 {[%clk 01:26:47]} {[%emt 00:00:44]} e6 {[%clk
01:31:39]} {[%emt 00:00:08]} 4. Be2 {[%clk 01:26:19]} {[%emt 00:00:58]} Be7
{[%clk 01:32:00]} {[%emt 00:00:09]} 5. b3 {[%clk 01:25:19]} {[%emt 00:01:30]}
O-O {[%clk 01:32:18]} {[%emt 00:00:11]} 6. Bb2 {[%clk 01:25:39]} {[%emt
00:00:11]} d5 {[%clk 01:32:29]} {[%emt 00:00:20]} 7. O-O {[%clk 01:25:44]}
{[%emt 00:00:24]} c6 {[%clk 01:32:22]} {[%emt 00:00:37]} 8. Ne5 {[%clk
01:25:19]} {[%emt 00:00:55]} Nbd7 {[%clk 01:32:37]} {[%emt 00:00:15]} 9. Rf3
{[%clk 01:23:53]} {[%emt 00:01:55]} Nxe5 {[%clk 01:31:20]} {[%emt 00:01:49]}
10. Bxe5 {[%clk 01:23:55]} {[%emt 00:00:27]} Bd6 {[%clk 01:30:29]} {[%emt
00:01:20]} 11. Bb2 {[%clk 01:22:17]} {[%emt 00:02:09]} Bd7 {[%clk 01:30:12]}
{[%emt 00:00:47]} 12. Rh3 {[%clk 01:21:53]} {[%emt 00:00:51]} Qe7 {[%clk
01:28:54]} {[%emt 00:01:50]} 13. d4 {[%clk 01:14:00]} {[%emt 00:08:25]} Rac8
{[%clk 01:24:25]} {[%emt 00:04:57]} 14. c4 {[%clk 01:10:21]} {[%emt 00:04:11]}
c5 {[%clk 01:23:02]} {[%emt 00:01:52]} 15. dxc5 {[%clk 01:07:49]} {[%emt
00:03:02]} Bxc5 {[%clk 01:23:07]} {[%emt 00:00:25]} 16. Bd4 {[%clk 01:07:56]}
{[%emt 00:00:23]} Bc6 {[%clk 01:20:38]} {[%emt 00:02:59]} 17. Rg3 {[%clk
01:07:09]} {[%emt 00:01:15]} Rfd8 {[%clk 01:18:01]} {[%emt 00:03:08]} 18. Bxc5
{[%clk 01:06:25]} {[%emt 00:01:15]} Qxc5 {[%clk 01:18:24]} {[%emt 00:00:07]}
19. Qe1 {[%clk 01:05:35]} {[%emt 00:01:11]} Ne4 {[%clk 01:12:55]} {[%emt
00:06:08]} 20. Rh3 {[%clk 01:01:43]} {[%emt 00:04:21]} dxc4 {[%clk 01:11:45]}
{[%emt 00:01:40]} 21. Bxc4 {[%clk 01:01:52]} {[%emt 00:00:21]} Bd5 {[%clk
01:12:02]} {[%emt 00:00:14]} 22. Bd3 {[%clk 00:58:09]} {[%emt 00:04:10]} Qc1
{[%clk 01:10:40]} {[%emt 00:01:53]} 23. Kf1 {[%clk 00:58:27]} {[%emt 00:00:13]}
Qxe1+ {[%clk 01:09:40]} {[%emt 00:01:31]} 24. Kxe1 {[%clk 00:58:51]} {[%emt
00:00:06]} Rc1+ {[%clk 01:09:49]} {[%emt 00:00:21]} 25. Ke2 {[%clk 00:59:04]}
{[%emt 00:00:17]} Nc5 {[%clk 01:09:27]} {[%emt 00:00:50]} 26. Rg3 {[%clk
00:57:06]} {[%emt 00:02:28]} Nxd3 {[%clk 01:06:21]} {[%emt 00:03:37]} 27. Kxd3
{[%clk 00:57:15]} {[%emt 00:00:21]} Bf3# {[%clk 01:06:26]} {[%emt 00:00:25]}
0-1

[Event "DEM U16w 2024"]
[Site "Willingen GER"]
[Date "2024.05.25"]
[Round "9"]
[White "Wartenberg, Alissa"]
[Black "Bursan, Ana-Maria"]
[Result "1-0"]
[Termination "normal"]
[Board "9"]
[WhiteElo "1820"]
[BlackElo "1715"]
[WhiteClock "00:28:58"]
[BlackClock "00:05:22"]
[PlyCount "91"]
[WhiteFideId "16280741"]
[BlackFideId "34620150"]
[EventCountry "GER"]
[EventRounds "9"]
[EventType "swiss"]
[EventDate "2024.05.18"]

1. e4 {[%clk 01:30:58]} {[%emt 00:00:02]} e6 {[%clk 01:30:56]} {[%emt
00:00:04]} 2. d4 {[%clk 01:31:25]} {[%emt 00:00:03]} d5 {[%clk 01:31:22]}
{[%emt 00:00:04]} 3. Nd2 {[%clk 01:31:50]} {[%emt 00:00:05]} c5 {[%clk
01:31:24]} {[%emt 00:00:29]} 4. Ngf3 {[%clk 01:31:44]} {[%emt 00:00:35]} Nc6
{[%clk 01:30:44]} {[%emt 00:01:10]} 5. c3 {[%clk 01:30:59]} {[%emt 00:01:15]}
Qb6 {[%clk 01:27:22]} {[%emt 00:03:52]} 6. exd5 {[%clk 01:30:08]} {[%emt
00:01:20]} exd5 {[%clk 01:27:01]} {[%emt 00:00:52]} 7. Qe2+ {[%clk 01:29:27]}
{[%emt 00:01:11]} Be7 {[%clk 01:25:17]} {[%emt 00:02:14]} 8. dxc5 {[%clk
01:29:38]} {[%emt 00:00:19]} Qxc5 {[%clk 01:22:56]} {[%emt 00:02:51]} 9. Nb3
{[%clk 01:30:01]} {[%emt 00:00:08]} Qd6 {[%clk 01:20:27]} {[%emt 00:02:58]} 10.
g3 {[%clk 01:30:12]} {[%emt 00:00:19]} Bg4 {[%clk 01:15:56]} {[%emt 00:05:01]}
11. Bg2 {[%clk 01:30:19]} {[%emt 00:00:23]} Nf6 {[%clk 01:11:11]} {[%emt
00:05:15]} 12. O-O {[%clk 01:29:58]} {[%emt 00:00:51]} O-O {[%clk 01:09:37]}
{[%emt 00:02:04]} 13. Bf4 {[%clk 01:29:45]} {[%emt 00:00:43]} Qd8 {[%clk
01:07:30]} {[%emt 00:02:36]} 14. Qd3 {[%clk 01:27:25]} {[%emt 00:02:51]} a5
{[%clk 00:55:09]} {[%emt 00:12:52]} 15. a4 {[%clk 01:26:50]} {[%emt 00:01:05]}
Qb6 {[%clk 00:50:40]} {[%emt 00:04:58]} 16. Nbd4 {[%clk 01:25:41]} {[%emt
00:01:40]} Rad8 {[%clk 00:47:55]} {[%emt 00:03:14]} 17. Nb5 {[%clk 01:24:42]}
{[%emt 00:01:29]} Rd7 {[%clk 00:37:58]} {[%emt 00:10:27]} 18. Rfe1 {[%clk
01:19:26]} {[%emt 00:05:46]} Bc5 {[%clk 00:35:08]} {[%emt 00:03:21]} 19. Be3
{[%clk 01:18:01]} {[%emt 00:01:54]} Bxf3 {[%clk 00:31:43]} {[%emt 00:03:54]}
20. Bxc5 {[%clk 01:15:11]} {[%emt 00:03:21]} Qxc5 {[%clk 00:31:09]} {[%emt
00:01:04]} 21. Bxf3 {[%clk 01:15:28]} {[%emt 00:00:13]} d4 {[%clk 00:30:20]}
{[%emt 00:01:19]} 22. Bxc6 {[%clk 01:14:59]} {[%emt 00:01:00]} bxc6 {[%clk
00:29:24]} {[%emt 00:01:25]} 23. Nxd4 {[%clk 01:15:17]} {[%emt 00:00:12]} Qb6
{[%clk 00:27:12]} {[%emt 00:02:42]} 24. Qc2 {[%clk 01:14:58]} {[%emt 00:00:49]}
h5 {[%clk 00:23:09]} {[%emt 00:04:32]} 25. b3 {[%clk 01:12:20]} {[%emt
00:03:08]} Qc5 {[%clk 00:21:12]} {[%emt 00:02:27]} 26. Rac1 {[%clk 01:06:54]}
{[%emt 00:05:57]} Rfd8 {[%clk 00:19:44]} {[%emt 00:01:58]} 27. Qf5 {[%clk
01:04:29]} {[%emt 00:02:55]} Rd5 {[%clk 00:16:52]} {[%emt 00:03:21]} 28. Qf3
{[%clk 01:04:47]} {[%emt 00:00:13]} R8d6 {[%clk 00:15:14]} {[%emt 00:02:08]}
29. Qe3 {[%clk 00:57:09]} {[%emt 00:08:07]} Ng4 {[%clk 00:11:18]} {[%emt
00:04:26]} 30. Qe8+ {[%clk 00:55:54]} {[%emt 00:01:46]} Kh7 {[%clk 00:11:28]}
{[%emt 00:00:20]} 31. Qe4+ {[%clk 00:53:43]} {[%emt 00:02:41]} g6 {[%emt
00:03:28]} 32. h3 {[%clk 00:31:11]} {[%emt 00:22:48]} Ne5 {[%clk 00:06:12]}
{[%emt 00:03:01]} 33. Qe3 {[%clk 00:30:23]} {[%emt 00:01:19]} Rf6 {[%clk
00:05:22]} {[%emt 00:01:20]} 34. Kg2 {[%clk 00:28:58]} Kg7 35. Rcd1 Nd7 36. Ne2
Qd6 37. Qc1 Ne5 38. Nf4 Rxf4 39. Qxf4 Nd3 40. Qxd6 Nxe1+ 41. Kf1 Rxd6 42. Rxd6
Nf3 43. Rxc6 Nd2+ 44. Ke2 Nxb3 45. Kd1 Kf8 46. Kc2 1-0

[Event "DEM U16w 2024"]
[Site "Willingen GER"]
[Date "2024.05.25"]
[Round "9"]
[White "Stepanjan, Marianne"]
[Black "Fetahovic, Sarah"]
[Result "1/2-1/2"]
[Termination "normal"]
[Board "10"]
[WhiteElo "1769"]
[BlackElo "1761"]
[WhiteClock "00:02:06"]
[BlackClock "00:01:02"]
[PlyCount "77"]
[WhiteFideId "16246110"]
[BlackFideId "34601546"]
[EventCountry "GER"]
[EventRounds "9"]
[EventType "swiss"]
[EventDate "2024.05.18"]

1. e4 {[%clk 01:30:59]} e5 {[%clk 01:30:52]} {[%emt 00:00:08]} 2. Nf3 {[%clk
01:31:26]} {[%emt 00:00:03]} Nc6 {[%clk 01:31:11]} {[%emt 00:00:12]} 3. Bb5
{[%clk 01:31:52]} {[%emt 00:00:03]} a6 {[%clk 01:31:21]} {[%emt 00:00:21]} 4.
Bxc6 {[%clk 01:32:17]} {[%emt 00:00:04]} dxc6 {[%clk 01:31:39]} {[%emt
00:00:11]} 5. O-O {[%clk 01:32:41]} {[%emt 00:00:06]} Bd6 {[%clk 01:30:11]}
{[%emt 00:01:59]} 6. d4 {[%clk 01:31:54]} {[%emt 00:01:18]} Bg4 {[%clk
01:07:59]} {[%emt 00:22:41]} 7. dxe5 {[%clk 01:25:08]} {[%emt 00:07:16]} Bxf3
{[%clk 01:08:11]} {[%emt 00:00:18]} 8. Qxf3 {[%clk 01:25:03]} {[%emt 00:00:35]}
Bxe5 {[%clk 01:08:03]} {[%emt 00:00:37]} 9. Rd1 {[%clk 01:22:22]} {[%emt
00:03:11]} Qe7 {[%clk 01:05:46]} {[%emt 00:02:48]} 10. Nc3 {[%clk 01:19:23]}
{[%emt 00:03:29]} Nf6 {[%clk 01:02:49]} {[%emt 00:03:26]} 11. Bf4 {[%clk
01:16:05]} {[%emt 00:03:49]} O-O {[%clk 01:00:05]} {[%emt 00:03:14]} 12. Bxe5
{[%clk 01:13:04]} {[%emt 00:03:31]} Qxe5 {[%clk 00:59:08]} {[%emt 00:01:27]}
13. Rd3 {[%clk 01:11:49]} {[%emt 00:01:45]} Rfe8 {[%clk 00:51:47]} {[%emt
00:07:50]} 14. Re1 {[%clk 01:04:41]} {[%emt 00:07:38]} Re7 {[%clk 00:33:04]}
{[%emt 00:19:14]} 15. Qg3 {[%clk 00:59:49]} {[%emt 00:05:22]} Qc5 {[%clk
00:09:31]} {[%emt 00:24:03]} 16. Rf3 {[%clk 00:49:43]} {[%emt 00:10:35]} Nd5
{[%clk 00:06:24]} {[%emt 00:03:38]} 17. Rf5 {[%clk 00:35:32]} {[%emt 00:14:40]}
Qc4 {[%clk 00:04:07]} {[%emt 00:02:48]} 18. Qd3 {[%clk 00:28:07]} {[%emt
00:07:53]} Qxd3 {[%clk 00:03:40]} {[%emt 00:00:59]} 19. cxd3 {[%clk 00:28:35]}
{[%emt 00:00:02]} Nf6 {[%clk 00:00:50]} {[%emt 00:03:20]} 20. h3 {[%clk
00:28:04]} {[%emt 00:01:00]} Rd8 {[%clk 00:01:11]} {[%emt 00:00:09]} 21. Rf3
{[%clk 00:26:45]} {[%emt 00:01:49]} Red7 {[%clk 00:01:24]} {[%emt 00:00:18]}
22. Rd1 {[%clk 00:25:21]} {[%emt 00:01:53]} a5 {[%clk 00:00:36]} {[%emt
00:01:19]} 23. Re3 {[%clk 00:22:27]} {[%emt 00:03:23]} Rd4 {[%clk 00:00:38]}
{[%emt 00:00:28]} 24. f4 {[%clk 00:20:42]} {[%emt 00:02:15]} b6 {[%clk
00:00:36]} {[%emt 00:00:33]} 25. g4 {[%clk 00:20:38]} {[%emt 00:00:34]} h6
{[%clk 00:00:43]} {[%emt 00:00:23]} 26. Kf2 {[%clk 00:17:54]} {[%emt 00:03:14]}
b5 {[%clk 00:00:58]} {[%emt 00:00:15]} 27. g5 {[%clk 00:15:10]} {[%emt
00:03:13]} b4 {[%clk 00:01:11]} {[%emt 00:00:18]} 28. gxf6 {[%clk 00:14:02]}
{[%emt 00:01:37]} bxc3 {[%clk 00:01:36]} {[%emt 00:00:06]} 29. bxc3 {[%clk
00:14:20]} {[%emt 00:00:12]} Ra4 {[%clk 00:02:01]} {[%emt 00:00:05]} 30. Re2
{[%clk 00:13:06]} {[%emt 00:01:44]} gxf6 {[%clk 00:00:38]} {[%emt 00:01:53]}
31. Rg1+ {[%clk 00:13:02]} {[%emt 00:00:33]} Kh7 {[%clk 00:00:43]} {[%emt
00:00:26]} 32. Ke3 {[%clk 00:13:06]} {[%emt 00:00:22]} f5 {[%clk 00:00:50]}
{[%emt 00:00:26]} 33. Reg2 {[%clk 00:05:25]} {[%emt 00:08:11]} fxe4 {[%clk
00:00:53]} {[%emt 00:00:28]} 34. dxe4 {[%clk 00:04:16]} {[%emt 00:01:38]} Ra3
{[%clk 00:01:18]} {[%emt 00:00:06]} 35. Rc2 {[%clk 00:03:46]} {[%emt 00:01:00]}
Rd6 {[%clk 00:01:11]} {[%emt 00:00:36]} 36. e5 {[%clk 00:03:26]} {[%emt
00:00:51]} Re6 {[%clk 00:01:04]} {[%emt 00:00:37]} 37. Re1 {[%clk 00:02:43]}
{[%emt 00:01:12]} Kg6 {[%clk 00:00:45]} {[%emt 00:00:50]} 38. Kf3 {[%clk
00:02:06]} {[%emt 00:01:05]} Kf5 {[%clk 00:01:02]} {[%emt 00:00:15]} 39. Re4
{[%emt 00:01:13]} 1/2-1/2

[Event "DEM U16w 2024"]
[Site "Willingen GER"]
[Date "2024.05.25"]
[Round "9"]
[White "Loos, Tilda"]
[Black "Sayouf, Rafif"]
[Result "1/2-1/2"]
[Termination "normal"]
[Board "11"]
[WhiteElo "1667"]
[BlackElo "1690"]
[WhiteClock "00:03:53"]
[BlackClock "00:07:01"]
[PlyCount "89"]
[WhiteFideId "34620559"]
[BlackFideId "34630333"]
[EventCountry "GER"]
[EventRounds "9"]
[EventType "swiss"]
[EventDate "2024.05.18"]

1. Nf3 {[%clk 01:30:59]} e6 {[%clk 01:30:46]} {[%emt 00:00:15]} 2. b3 {[%clk
01:31:24]} {[%emt 00:00:04]} d5 {[%clk 01:30:55]} {[%emt 00:00:21]} 3. Bb2
{[%clk 01:31:49]} {[%emt 00:00:05]} c5 {[%clk 01:30:49]} {[%emt 00:00:37]} 4.
e3 {[%clk 01:32:12]} {[%emt 00:00:06]} Nc6 {[%clk 01:30:24]} {[%emt 00:00:55]}
5. d4 {[%clk 01:32:35]} {[%emt 00:00:07]} cxd4 {[%clk 01:30:20]} {[%emt
00:00:34]} 6. exd4 {[%clk 01:32:57]} {[%emt 00:00:08]} Nf6 {[%clk 01:30:37]}
{[%emt 00:00:13]} 7. Nbd2 {[%clk 01:32:20]} {[%emt 00:01:07]} Bd6 {[%clk
01:30:24]} {[%emt 00:00:44]} 8. Bd3 {[%clk 01:31:59]} {[%emt 00:00:50]} Qe7
{[%clk 01:30:12]} {[%emt 00:00:41]} 9. O-O {[%clk 01:28:56]} {[%emt 00:03:34]}
O-O {[%clk 01:29:56]} {[%emt 00:00:46]} 10. c4 {[%clk 01:24:29]} {[%emt
00:04:57]} Ba3 {[%clk 01:21:45]} {[%emt 00:08:41]} 11. Bxa3 {[%clk 01:22:20]}
{[%emt 00:02:40]} Qxa3 {[%clk 01:22:09]} {[%emt 00:00:06]} 12. cxd5 {[%clk
01:17:04]} {[%emt 00:05:45]} exd5 {[%clk 01:22:02]} {[%emt 00:00:37]} 13. h3
{[%clk 01:07:59]} {[%emt 00:09:35]} Qb4 {[%clk 01:16:51]} {[%emt 00:05:41]} 14.
Nb1 {[%clk 00:58:54]} {[%emt 00:09:35]} h6 {[%clk 01:13:41]} {[%emt 00:03:40]}
15. a3 {[%clk 00:58:44]} {[%emt 00:00:39]} Qb6 {[%clk 01:12:46]} {[%emt
00:01:26]} 16. Nc3 {[%clk 00:58:24]} {[%emt 00:00:50]} Be6 {[%clk 01:09:12]}
{[%emt 00:04:03]} 17. Na4 {[%clk 00:55:04]} {[%emt 00:03:51]} Qc7 {[%clk
01:02:05]} {[%emt 00:07:37]} 18. Rc1 {[%clk 00:53:34]} {[%emt 00:01:59]} Qd6
{[%clk 00:57:35]} {[%emt 00:05:00]} 19. Nc5 {[%clk 00:51:13]} {[%emt 00:02:51]}
b6 {[%clk 00:49:54]} {[%emt 00:08:11]} 20. Nb7 {[%clk 00:34:37]} {[%emt
00:17:06]} Qe7 {[%clk 00:40:51]} {[%emt 00:09:32]} 21. Rxc6 {[%clk 00:31:51]}
{[%emt 00:03:17]} Qxb7 {[%clk 00:41:13]} {[%emt 00:00:07]} 22. Rc1 {[%clk
00:25:52]} {[%emt 00:06:30]} Ne4 {[%clk 00:31:08]} {[%emt 00:10:36]} 23. Qe2
{[%clk 00:22:33]} {[%emt 00:03:48]} Rfe8 {[%clk 00:22:18]} {[%emt 00:09:19]}
24. Bb5 {[%clk 00:19:40]} {[%emt 00:03:24]} Bd7 {[%clk 00:22:10]} {[%emt
00:00:38]} 25. Ba6 {[%clk 00:18:37]} {[%emt 00:01:33]} Qb8 {[%clk 00:22:07]}
{[%emt 00:00:33]} 26. Ne5 {[%clk 00:16:48]} {[%emt 00:02:19]} Nf6 {[%clk
00:21:11]} {[%emt 00:01:26]} 27. Qf3 {[%clk 00:12:57]} {[%emt 00:04:21]} Qd6
{[%clk 00:14:01]} {[%emt 00:07:39]} 28. Bb7 {[%clk 00:10:16]} {[%emt 00:03:12]}
Rab8 {[%clk 00:11:22]} {[%emt 00:03:09]} 29. Nxd7 {[%clk 00:08:33]} {[%emt
00:02:13]} Nxd7 {[%clk 00:11:36]} {[%emt 00:00:16]} 30. Qxd5 {[%clk 00:07:39]}
{[%emt 00:01:24]} Qxd5 {[%clk 00:09:31]} {[%emt 00:02:35]} 31. Bxd5 {[%clk
00:08:08]} {[%emt 00:00:01]} Nf6 {[%clk 00:09:53]} {[%emt 00:00:08]} 32. Bf3
{[%clk 00:07:35]} {[%emt 00:01:03]} Ne4 {[%clk 00:08:07]} {[%emt 00:02:16]} 33.
Bxe4 {[%clk 00:07:32]} {[%emt 00:00:34]} Rxe4 {[%clk 00:08:30]} {[%emt
00:00:06]} 34. Rfd1 {[%clk 00:08:00]} {[%emt 00:00:02]} Rd8 {[%clk 00:08:31]}
{[%emt 00:00:28]} 35. d5 {[%clk 00:07:48]} {[%emt 00:00:43]} Re7 {[%clk
00:08:13]} {[%emt 00:00:47]} 36. d6 {[%clk 00:07:24]} {[%emt 00:00:56]} Red7
{[%clk 00:08:36]} {[%emt 00:00:06]} 37. Rc6 {[%clk 00:07:48]} {[%emt 00:00:06]}
f6 {[%clk 00:08:42]} {[%emt 00:00:23]} 38. Kh2 {[%clk 00:07:35]} {[%emt
00:00:44]} Kf7 {[%clk 00:08:54]} {[%emt 00:00:18]} 39. Rc4 {[%clk 00:05:21]}
{[%emt 00:02:44]} Ke6 {[%clk 00:06:39]} {[%emt 00:02:44]} 40. Re4+ {[%clk
00:05:28]} {[%emt 00:00:23]} Kf7 {[%clk 00:06:45]} {[%emt 00:00:25]} 41. Ra4
{[%clk 00:04:16]} {[%emt 00:01:41]} a5 {[%clk 00:06:56]} {[%emt 00:00:20]} 42.
Rad4 {[%clk 00:03:53]} {[%emt 00:00:53]} Ke6 {[%clk 00:07:01]} {[%emt
00:00:25]} 43. Re4+ {[%emt 00:01:50]} Kf7 {[%emt 00:00:04]} 44. Red4 {[%emt
00:00:05]} Ke6 {[%emt 00:00:04]} 45. Re4+ 1/2-1/2

[Event "DEM U16w 2024"]
[Site "Willingen GER"]
[Date "2024.05.25"]
[Round "9"]
[White "Hasselmann, Isabelle Sophia"]
[Black "Heuberger, Sandra"]
[Result "1-0"]
[Termination "normal"]
[Board "12"]
[WhiteElo "1655"]
[BlackElo "1555"]
[WhiteClock "00:49:21"]
[BlackClock "00:06:02"]
[PlyCount "87"]
[WhiteFideId "16266951"]
[BlackFideId "16232151"]
[EventCountry "GER"]
[EventRounds "9"]
[EventType "swiss"]
[EventDate "2024.05.18"]

1. e4 {[%clk 01:30:58]} {[%emt 00:00:01]} e5 {[%clk 01:30:55]} {[%emt
00:00:06]} 2. Qh5 {[%clk 01:31:21]} {[%emt 00:00:07]} Nc6 {[%clk 01:30:02]}
{[%emt 00:01:24]} 3. Bc4 {[%clk 01:31:45]} {[%emt 00:00:05]} g6 {[%clk
01:30:02]} {[%emt 00:00:30]} 4. Qf3 {[%clk 01:32:10]} {[%emt 00:00:05]} Nf6
{[%clk 01:30:07]} {[%emt 00:00:26]} 5. Ne2 {[%clk 01:32:32]} {[%emt 00:00:08]}
Bg7 {[%clk 01:29:39]} {[%emt 00:00:58]} 6. Nbc3 {[%clk 01:32:46]} {[%emt
00:00:16]} O-O {[%clk 01:28:48]} {[%emt 00:01:21]} 7. a3 {[%clk 01:32:35]}
{[%emt 00:00:41]} d6 {[%clk 01:27:38]} {[%emt 00:01:41]} 8. d3 {[%clk
01:32:26]} {[%emt 00:00:38]} Nd4 {[%clk 01:24:00]} {[%emt 00:04:07]} 9. Nxd4
{[%clk 01:32:34]} {[%emt 00:00:22]} exd4 {[%clk 01:24:21]} {[%emt 00:00:10]}
10. Ne2 {[%clk 01:32:04]} {[%emt 00:00:59]} c5 {[%clk 01:23:02]} {[%emt
00:01:49]} 11. Nf4 {[%clk 01:29:33]} {[%emt 00:03:01]} Bd7 {[%clk 01:19:45]}
{[%emt 00:03:47]} 12. h4 {[%clk 01:29:02]} {[%emt 00:01:01]} b5 {[%clk
01:18:15]} {[%emt 00:02:01]} 13. Ba2 {[%clk 01:25:29]} {[%emt 00:04:03]} h5
{[%clk 01:16:19]} {[%emt 00:02:26]} 14. Nxg6 {[%clk 01:25:02]} {[%emt
00:00:57]} Re8 {[%clk 01:13:49]} {[%emt 00:02:59]} 15. O-O {[%clk 01:19:26]}
{[%emt 00:06:06]} c4 {[%clk 01:10:37]} {[%emt 00:03:42]} 16. Nf4 {[%clk
01:18:58]} {[%emt 00:00:57]} Ng4 {[%clk 01:07:36]} {[%emt 00:03:32]} 17. Qg3
{[%clk 01:16:28]} {[%emt 00:02:59]} Bf6 {[%clk 01:03:56]} {[%emt 00:04:10]} 18.
Nxh5 {[%clk 01:12:51]} {[%emt 00:04:07]} Bxh4 {[%clk 01:03:57]} {[%emt
00:00:28]} 19. Qxd6 {[%clk 01:12:45]} {[%emt 00:00:36]} Re5 {[%clk 00:59:20]}
{[%emt 00:05:06]} 20. Nf4 {[%clk 01:09:48]} {[%emt 00:03:29]} Be7 {[%clk
00:47:52]} {[%emt 00:11:58]} 21. Qxd4 {[%clk 01:08:45]} {[%emt 00:01:33]} Bc5
{[%clk 00:47:52]} {[%emt 00:00:29]} 22. Qc3 {[%clk 01:09:08]} {[%emt 00:00:07]}
Qh4 {[%clk 00:47:39]} {[%emt 00:00:43]} 23. Nh3 {[%clk 01:09:05]} {[%emt
00:00:33]} Nxf2 {[%clk 00:35:31]} {[%emt 00:12:39]} 24. Rxf2 {[%clk 01:02:43]}
{[%emt 00:06:52]} Bxh3 {[%clk 00:34:12]} {[%emt 00:01:49]} 25. d4 {[%clk
01:02:05]} {[%emt 00:01:08]} Bb6 {[%clk 00:28:28]} {[%emt 00:06:13]} 26. gxh3
{[%clk 01:01:03]} {[%emt 00:01:32]} Rxe4 {[%clk 00:24:32]} {[%emt 00:04:27]}
27. Rg2+ {[%clk 00:56:30]} {[%emt 00:05:03]} Kh7 {[%clk 00:23:32]} {[%emt
00:01:30]} 28. Qg3 {[%clk 00:52:43]} {[%emt 00:04:17]} Bxd4+ {[%clk 00:22:44]}
{[%emt 00:01:18]} 29. Kf1 {[%clk 00:50:29]} {[%emt 00:02:44]} Qf6+ {[%clk
00:21:38]} {[%emt 00:01:36]} 30. Rf2 {[%clk 00:50:50]} {[%emt 00:00:09]} Bxf2
{[%clk 00:20:10]} {[%emt 00:01:58]} 31. Qxf2 {[%clk 00:51:17]} {[%emt
00:00:03]} Qg6 {[%clk 00:18:48]} {[%emt 00:01:52]} 32. c3 {[%clk 00:50:29]}
{[%emt 00:01:19]} Rd8 {[%clk 00:18:36]} {[%emt 00:00:41]} 33. Be3 {[%clk
00:49:41]} {[%emt 00:01:19]} Qh5 {[%clk 00:17:27]} {[%emt 00:01:37]} 34. Bb1
{[%clk 00:47:34]} {[%emt 00:02:39]} Qd1+ {[%clk 00:12:01]} {[%emt 00:05:56]}
35. Kg2 {[%clk 00:47:00]} {[%emt 00:01:04]} Rg8+ {[%clk 00:10:26]} {[%emt
00:02:05]} 36. Kh2 {[%clk 00:47:15]} {[%emt 00:00:15]} Qd6+ {[%clk 00:10:10]}
{[%emt 00:00:45]} 37. Bf4 {[%clk 00:47:27]} {[%emt 00:00:19]} Qe6 {[%clk
00:07:08]} {[%emt 00:03:33]} 38. Bxe4+ {[%clk 00:47:43]} {[%emt 00:00:14]} Qxe4
{[%clk 00:07:30]} {[%emt 00:00:09]} 39. Qh4+ {[%clk 00:48:03]} {[%emt
00:00:09]} Kg7 {[%clk 00:05:14]} {[%emt 00:02:46]} 40. Bh6+ {[%clk 00:48:20]}
{[%emt 00:00:13]} Kh7 {[%clk 00:05:11]} {[%emt 00:00:34]} 41. Qxe4+ {[%clk
00:48:39]} {[%emt 00:00:11]} Kxh6 {[%clk 00:05:33]} {[%emt 00:00:08]} 42. Qh4+
{[%clk 00:48:56]} {[%emt 00:00:13]} Kg7 {[%clk 00:05:43]} {[%emt 00:00:20]} 43.
Rg1+ {[%clk 00:49:21]} {[%emt 00:00:05]} Kf8 {[%clk 00:06:02]} {[%emt
00:00:11]} 44. Qd8# {[%emt 00:00:02]} 1-0